| 000 | 00637nam a2200181Ia 4500 | ||
|---|---|---|---|
| 005 | 20250423100759.0 | ||
| 008 | 250422s9999 xx 000 0 und d | ||
| 020 | _a9780300107760 | ||
| 050 | _aGE 149 .S64/ | ||
| 100 | _aSpeth, James Gustave. | ||
| 245 | 0 | _aRed sky at morning : America and the crisis of the global environment | |
| 260 | _aUnited State | ||
| 260 | _bYale university press | ||
| 260 | _c2005 | ||
| 300 | _a329 p | ||
| 650 | _aGlobal environmental change. Environmental protection. Globalization--Environmental aspects. Environmental policy--United States. Environmental protection--United States. | ||
| 942 | _cBK | ||
| 999 |
_c34319 _d34319 |
||